000 00321nam a2200133Ia 4500
100 _aRaman/Lakshmi G
942 _cBK
654 _atelecommunication
245 _aFundamentals of Telecommunication network management
260 _bPrentice Hall
_c2000
082 _a621.382
_bRAM
300 _a335
546 _aENGLISH
999 _c21439
_d21439